000 02452cam a22005894i 4500
003 PE-LiUPU
005 20250731173051.0
008 160923s2017 mdu rb 001 0 eng
020 _a0742559602
_q(hardcover
_qalkaline paper)
020 _a0742559610
_q(paperback
_qalkaline paper)
020 _a9780742559608
_q(hardcover
_qalkaline paper)
020 _a9780742559615
_q(paperback
_qalkaline paper)
035 _a(Sirsi) i9780742559608
035 _a(OCoLC)959965292
040 _aDLC
_beng
_erda
_cDLC
_dOCLCO
_dOCLCF
_dYDX
_dYDX
_dOCLCO
_dOCLCQ
_dWIO
_dPE-LiUPU
049 _aPRUA
050 0 0 _aBS680.S7
_bB69
082 0 4 _a220.6
_bB78
_223
100 1 _aBowe, Barbara Ellen,
_eautor.
245 1 0 _aBiblical foundations of spirituality :
_btouching a finger to the flame /
_cBarbara E. Bowe, with contributions by Laurie Brink and John R. Barker.
250 _aSecond edition.
264 1 _aLanham :
_bRowman & Littlefield,
_c2017.
300 _axxi, 273 páginas ;
_c23 centímetros
336 _atext
_2rdacontent
337 _aunmediated
_2rdamedia
338 _avolume
_2rdacarrier
504 _aBibliografía : páginas 237-245.
504 _aÍndice : páginas 263-270.
505 0 _aWhat is spirituality? -- God beyond all names -- The riddle of the world -- The God of blessing and salvation -- I have heard their cry -- Royal power and the covenant dream -- Prophetic spirituality -- Wisdom has built herself a house -- Crisis and hope -- That man Jesus -- Pauline spirituality -- A new heaven and a new earth.
526 _aSEG42
526 _aSEG41
526 _aSEG40
526 _aSEG39
526 _aP94
526 _aP87
526 _aP86
526 _aP85
526 _aP77
526 _aP76
526 _aP35
650 0 _aBiblia
_xTeología.
_91435
650 0 _aEspiritualidad
_xCultura bíblica.
650 0 _aBible
_xTheology.
650 0 _aSpirituality
_xBiblical teaching.
910 _adbm
_bncf
_cncf
_d20180108
942 _2ddc
_cBOOK
949 _a220.6 B78
_wDEWEY
_c1
_i77824
_lCATALOGING
_mBUL
_p24.50
_r0
_sY
_tBOOK
_u2018-01-08
_xPOSGRADO
_PP85
_0COMPRA
_o.STAFF. Colección Teología.
994 _aC0
_bPEPRU
596 _a1
999 _a220.6 B78
_wDEWEY
_c26599
_i77824
_d26599
_f2021-11-9
_g4
_lCCODEBUL1
_mBUL
_p24.50
_q1
_r0
_sY
_tBOOK
_u2018-1-8
_xTEOLOGIA
_PP85
_0DONACION
_o.STAFF. Colección Teología.
980 _81
_gALBERTO SANCHEZ Responsable de Automatización